000 00812nam a2200277 i 4500
001 C2-0261278
003 PPAK
005 20180727230804.0
008 041207s2003 nyua|||| ||||| | eng d
020 _a0007141882
040 _aPPAK
_beng
_cPPAK
_erda
082 0 4 _a823
_223
090 0 0 _a823
_bSEU
_dK
090 0 0 _a823
_bSEU
_dLCK
100 0 _aSeuss,
_cDr.
_eauthor
245 1 0 _aHow the grinch stole christmas!
264 1 _aNew York :
_bHarperCollins Children's Books ,
_c2003
300 _a50 pages :
_bcolour illustrations ;
_c16 cm
336 _2rdacontent
_atext
337 _2rdamedia
_aunmediated
338 _2rdacarrier
_avolume
490 1 _aThe Dr. Seuss miniature collection
650 1 0 _aChildren's stories, English.
830 0 _aThe Dr. Seuss miniature collection
942 _ddc
_cB
999 _c71979
_d71979